000
002840000a22000970004500
100
1
_a
Millard, Alan R.
245
1
0
_a
Israelite and Aramean history in the light of inscriptions
300
_a
Vol. 2, Num. 41 (Noviembre, 1990), Páginas 261-275
773
0
_t
Tyndale Bulletin
942
_c
ANA
999
_c
56704
_d
56704